Databáza pevnostných vlastností materiálov

Saved in:
Bibliographic Details
Main Author: Svajčiak, Martin (Author)
Other Authors: Chmelko, Vladimír (Thesis advisor)
Format: Manuscript Book
Language:Slovak
Published: 2022
Subjects:
Online Access:http://is.stuba.sk/zp/portal_zp.pl?podrobnosti=171706
Tags: Add Tag
No Tags, Be the first to tag this record!

MARC

LEADER 00000ntm a22000003a 4500
001 stuzp90963
003 SK-STU
005 20220611214214.4
007 ta
008 150427s2015----xo-----f-mn---000-0-slo-d
040 |a STU  |b slo 
041 0 |a slo 
100 1 |a Svajčiak, Martin  |u 020010  |4 aut  |U SjF Strojnícka fakulta  |T SjF Ústav aplikovanej mechaniky a mechatroniky  |X 104911  |U J0010  |Y 801  |7 104911 
242 0 1 |a Database of strength properties of materials  |y eng 
245 1 0 |a Databáza pevnostných vlastností materiálov 
260 |c 2022 
650 4 |a pevnostné vlastnosti  |2 slo 
650 4 |a python  |2 slo 
650 4 |a ťahový diagram  |2 slo 
650 4 |a ťahová skúška  |2 slo 
650 4 |a python  |2 eng 
650 4 |a strength properties  |2 eng 
650 4 |a tensile diagram  |2 eng 
650 4 |a tensile test  |2 eng 
700 1 |a Chmelko, Vladimír  |u 020010  |k Z1  |4 ths  |U SjF Strojnícka fakulta  |T SjF Ústav aplikovanej mechaniky a mechatroniky  |X 2396  |U J0010  |Y 801  |7 A000002396 
856 4 |u http://is.stuba.sk/zp/portal_zp.pl?podrobnosti=171706